Detalles MARC
| 000 -LÍDER |
| Campo fijo de descripción fija |
01550nam a22003254i 4500 |
| 001 - NÚMERO DE CONTROL |
| Campo de control |
768714001 |
| 003 - IDENTIFICADOR DEL NÚMERO DE CONTROL |
| Campo de control |
CO-MdFUSB |
| 005 - FECHA Y HORA DE LA ULTIMA TRANSACCIÓN |
| control field |
20180809110556.0 |
| 008 - ELEMENTOS DE LONGITUD FIJA -- INFORMACIÓN GENERAL |
| Campo fijo de descripción fija -- Información general |
180808t1969 sp ||||| |||| 00| 0 spa d |
| 040 ## - FUENTE DE CATALOGACIÓN |
| Agencia de catalogación original |
CO-MdFUSB |
| Idioma de catalogación |
spa |
| Agencia que realiza la transcripción |
CO-MdFUSB |
| Agencia que realiza la modificación |
CO-MdFUSBC |
| Convenciones de la descripción |
rda |
| 041 ## - CÓDIGO DE IDIOMA |
| Código de idioma para texto/pista de sonido o título separado |
spa |
| 082 ## - NÚMERO DE CLASIFICACIÓN DECIMAL DEWEY |
| Número de la edición del Dewey |
23 |
| Número de clasificación |
222.707 |
| Clave de autor-Numero de item |
M854 |
| 100 ## - ASIENTO PRINCIPAL--NOMBRE PERSONAL |
| Nombre personal |
Moriarty, Frederick L., S.J. |
| Término relacionador |
autor |
| 240 ## - TITULO UNIFORME |
| Título uniforme |
<a href="Ezra and Nehemiah">Ezra and Nehemiah</a> |
| 245 ## - TÍTULO |
| Título del Material |
Esdras y Nehemias |
| Mención de responsabilidad, etc. |
/ Friederick L. Moriarty ; traductor , Gregorio Gil. |
| 264 #1 - PRODUCCIÓN, PUBLICACIÓN, DISTRIBUCIÓN, MANUFACTURA, Y COPYRIGHT |
| Lugar de producción, publicación, distribución, manufactura |
España : |
| Nombre del productor, publicador, distribuidor |
Salterrae, |
| Fecha de producción, publicación, distribución, manufactura, o copyright |
℗[1969]. |
| 264 #4 - PRODUCCIÓN, PUBLICACIÓN, DISTRIBUCIÓN, MANUFACTURA, Y COPYRIGHT |
| Fecha de producción, publicación, distribución, manufactura, o copyright |
©1969. |
| 300 ## - DESCRIPCIÓN FÍSICA |
| Extensión |
99 páginas |
| Dimensiones |
; 17 cm |
| 336 ## - TIPO DE CONTENIDO |
| Fuente |
rdacontent |
| Término de tipo de contenido |
texto |
| Código de tipo de contenido |
txt |
| 337 ## - TIPO DE MEDIO |
| Fuente |
rdamedia |
| Nombre del tipo de medio |
sin mediación |
| Código del tipo de medio |
n |
| 338 ## - TIPO DE SOPORTE |
| Fuente |
rdacarrier |
| Nombre del tipo de soporte |
volumen |
| Código Tipo de soporte |
nc |
| 490 ## - MENCIÓN DE SERIE |
| Mención de serie |
Conoce la biblia : Antiguo Testamento. |
| 505 ## - NOTA DE CONTENIDO |
| Título |
Introducción a los libros de Esdras y Nehemias. -- |
| -- |
Libro de Esdras. -- |
| -- |
Libro de Nehemias. -- |
| -- |
Temas para repaso y discusión. -- |
| -- |
Abreviaturas. |
| Nota de contenido con formato preestablecido |
Vuelta de los cautivos -- Reconstrucción de la Casa del Señor -- Esdras vuelve a Jerusalén -- Postura de Esdras en contra de los matrimonios mixtos -- Memorias de Nehemias sobre la restauración de las murallas de Jerusalén -- Lectura de la Ley y fiesta de loas Tabernáculos -- Ceremonia de expiación y propósito de reforma -- Restablecimiento y dedicación de la muralla -- Segunda misión de Nehemias |
| 563 ## - NOTA DE ENCUADERNACIÓN |
| Nota de encuadernación |
Tapa rústica |
| 630 07 - TITULO UNIFORME |
| Título uniforme |
Biblia. |
| Nombre de parte o sección de la obra |
Esdras |
| 630 07 - TITULO UNIFORME |
| Título uniforme |
Biblia. |
| Nombre de parte o sección de la obra |
Nehemías |
| 700 ## - ASIENTO SECUNDARIO - NOMBRE PERSONAL |
| Nombre personal |
Gil, Gregorio S.J. |
| Responsabilidad |
traductor |
| 830 1# - PUNTO DE ACCESO ADICIONAL DE SERIE - TÍTULO UNIFORME |
| Título uniforme |
Old Testament Reading Gude |
| Número de parte o sección de la obra |
11 |
| 942 ## - TIPO DE MATERIAL (KOHA) |
| Tipo de Item KOHA |
Libros General |